| 000 | 00549nam a2200205 i 4500 | ||
|---|---|---|---|
| 001 | 97142 | ||
| 003 | ES-MaACL | ||
| 005 | 20260521123125.0 | ||
| 007 | t| | ||
| 008 | 050707m19741978sp ||||1| spa d | ||
| 100 | 1 |
_aMao, Zedong, _d1893-1976 _9170492 |
|
| 245 | 1 | 0 |
_aObras escogidas / _cde Mao Tse-Tung. |
| 260 |
_aMadrid : _bFundamentos, _c1974-78. |
||
| 300 |
_a5 v. ; _c19 cm. |
||
| 490 | 1 |
_aCiencia ; _v50 |
|
| 505 | 8 | _aSon los v. 1,2,3,4 y 5 | |
| 830 | 0 |
_aCiencia ; _v50 _9178487 |
|
| 852 |
_aES-MaACL _jP-84 _bR.90425 |
||
| 999 |
_c97142 _d97142 |
||